000 00329 a2200109 4500
001 ART_42232
005 20260410161807.0
008 260409a
245 1 0 _aReforma de la ley de concursos. Ley 26684
100 1 _aMoro, Carlos E.
773 0 _tDoctrina Societaria y Concursal
_g- NÂș 289 (dic. 2011)
_wREV4298
999 _c21075
_d21075